01357nam a2200337Ia 4500001001200000003000800012006001900020007001500039008004100054020002600095020002300121040002100144035002100165050002400186082001400210100002800224245008500252260004600337300001500383490004700398504005100445533015200496600006200648600005000710650002000760655002900780710001700809830004800826856012600874999001901000ebr10175723CaPaEBRm u cr cn|||||||||061206s2007 enk sb 001 0 eng d z9781403977502 (cased) z140397750X (cased) aCaPaEBRcCaPaEBR a(OCoLC)32032562414aPR5438b.S28 2007eb04a821.72221 aSchmid, Susanne,d1964-10aShelley's German afterlives, 1814-2000h[electronic resource] /cSusanne Schmid. aBasingstoke :bPalgrave Macmillan,c2007. avi, 243 p.1 aNineteenth-century major lives and letters aIncludes bibliographical references and index. aElectronic reproduction.bPalo Alto, Calif. :cebrary,d2009.nAvailable via World Wide Web.nAccess may be limited to ebrary affiliated libraries.10aShelley, Percy Bysshe,d1792-1822xAppreciationzGermany.10aShelley, Percy Bysshe,d1792-1822xInfluence. 0aEnglish poetry. 7aElectronic books.2local2 aebrary, Inc. 0aNineteenth-century major lives and letters.40uhttp://site.ebrary.com/lib/rucke/Doc?id=10175723zAn electronic book accessible through the World Wide Web; click to view c141997d141997